[Event "Mittelfranken-chTB1 1819"]
[Site "Mittelfranken"]
[Date "2019.04.28"]
[Round "9.6"]
[White "Scherb, Ansgar"]
[Black "Rossbach, Knut"]
[Result "1-0"]
[WhiteElo "1825"]
[BlackElo "1866"]
[PlyCount "45"]
[EventDate "2018.10.14"]
[EventType "team-tourn"]
[EventRounds "9"]
[EventCountry "GER"]
[SourceTitle "EXT 2022"]
[Source "ChessBase"]
[SourceDate "2021.10.06"]
[SourceVersion "1"]
[SourceVersionDate "2021.10.06"]
[SourceQuality "1"]
[WhiteTeam "Lauf SV"]
[BlackTeam "Nuernberg SK 1911"]
[WhiteTeamCountry "GER"]
[BlackTeamCountry "GER"]

1. e4 e6 2. d4 d5 3. Nc3 Bb4 4. e5 c5 5. a3 Bxc3+ 6. bxc3 Qc7 7. f4 Ne7 8. Nf3 Nbc6 9. Bd3 Bd7 10. a4 cxd4 11. cxd4 Nxd4 12. 0-0 Ndf5 13. Qe2 h5 14. Be3 Nxe3 15. Qxe3 b6 16. Nd4 g6 17. Rfc1 Qc3 18. Nb5 Nf5 19. Qxb6 Qxa1 20. Nc7+ Kd8 21. Nxe6+ Ke8 22. Nc7+ Kd8 23. Qf6+ 1-0

[Event "Mittelfranken-chTB1 1819"]
[Site "Mittelfranken"]
[Date "2019.02.10"]
[Round "5.5"]
[White "Scherb, Ansgar"]
[Black "Seregelyes, Csaba"]
[Result "1-0"]
[WhiteElo "1825"]
[BlackElo "1967"]
[PlyCount "95"]
[EventDate "2018.10.14"]
[EventType "team-tourn"]
[EventRounds "9"]
[EventCountry "GER"]
[SourceTitle "EXT 2022"]
[Source "ChessBase"]
[SourceDate "2021.10.06"]
[SourceVersion "1"]
[SourceVersionDate "2021.10.06"]
[SourceQuality "1"]
[WhiteTeam "Lauf SV"]
[BlackTeam "Herzogenaurach II"]
[WhiteTeamCountry "GER"]
[BlackTeamCountry "GER"]

1. e4 c5 2. Nf3 a6 3. c3 e6 4. d4 d5 5. exd5 exd5 6. Be2 c4 7. 0-0 Bd6 8. Re1 Ne7 9. b3 b5 10. a4 Bb7 11. axb5 axb5 12. Rxa8 Bxa8 13. Qc2 Nd7 14. Nbd2 h6 15. Nf1 0-0 16. Ng3 Re8 17. b4 Ng6 18. Nf5 Bf8 19. Be3 Bc6 20. Ra1 Nb6 21. Ra6 Qc7 22. Ne5 Bb7 23. Ra7 Nc8 24. Ra5 Nxe5 25. dxe5 Qxe5 26. Rxb5 Nd6 27. Nxd6 Bxd6 28. g3 Qe7 29. Bf3 Bc6 30. Ra5 d4 31. Bxc6 dxe3 32. Bxe8 e2 33. Bxf7+ Kf8 34. Ra8+ Kxf7 35. Qf5+ Qf6 36. Qxf6+ Kxf6 37. Ra1 Be5 38. Re1 Bxc3 39. Rxe2 Be5 40. f4 Bd4+ 41. Kf1 Kf5 42. b5 g5 43. fxg5 hxg5 44. Kg2 Be5 45. b6 c3 46. b7 Bb8 47. Re3 c2 48. Rc3 1-0

[Event "Mittelfranken-chTB1 1819"]
[Site "Mittelfranken"]
[Date "2019.01.27"]
[Round "4.6"]
[White "Scherb, Ansgar"]
[Black "Weber, Alexander"]
[Result "1/2-1/2"]
[WhiteElo "1825"]
[BlackElo "1858"]
[PlyCount "84"]
[EventDate "2018.10.14"]
[EventType "team-tourn"]
[EventRounds "9"]
[EventCountry "GER"]
[SourceTitle "EXT 2022"]
[Source "ChessBase"]
[SourceDate "2021.10.06"]
[SourceVersion "1"]
[SourceVersionDate "2021.10.06"]
[SourceQuality "1"]
[WhiteTeam "Lauf SV"]
[BlackTeam "Erlangen SC III"]
[WhiteTeamCountry "GER"]
[BlackTeamCountry "GER"]

1. e4 c6 2. d4 d5 3. e5 Bf5 4. h4 h6 5. g4 Be4 6. f3 Bh7 7. e6 fxe6 8. Bd3 Bxd3 9. Qxd3 Qd6 10. f4 Nf6 11. Nc3 Nbd7 12. Qg6+ Kd8 13. Nf3 Ne8 14. Rh2 e5 15. Nxe5 Nxe5 16. Qxd6+ exd6 17. fxe5 dxe5 18. dxe5 Bb4 19. Bd2 Bxc3 20. Bxc3 Rf8 21. 0-0-0 Kd7 22. e6+ Ke7 23. Re2 Rf4 24. Rg1 d4 25. Bd2 Rf3 26. g5 h5 27. g6 c5 28. Bg5+ Nf6 29. Kd2 Kd6 30. Bxf6 Rxf6 31. Rg5 Re8 32. e7 b6 33. Ree5 Rxe7 34. Rd5+ Kc7 35. b4 cxb4 36. Rxd4 Rd7 37. c3 bxc3+ 38. Kxc3 Rf3+ 39. Kc4 b5+ 40. Rxb5 Rxd4+ 41. Kxd4 Rf4+ 42. Ke3 Rg4 1/2-1/2

[Event "Mittelfranken-chTB1 1819"]
[Site "Mittelfranken"]
[Date "2018.11.04"]
[Round "2.5"]
[White "Korth, Manfred"]
[Black "Scherb, Ansgar"]
[Result "0-1"]
[WhiteElo "1848"]
[BlackElo "1825"]
[PlyCount "112"]
[EventDate "2018.10.14"]
[EventType "team-tourn"]
[EventRounds "9"]
[EventCountry "GER"]
[SourceTitle "EXT 2022"]
[Source "ChessBase"]
[SourceDate "2021.10.06"]
[SourceVersion "1"]
[SourceVersionDate "2021.10.06"]
[SourceQuality "1"]
[WhiteTeam "Heideck/Hilpoltstein"]
[BlackTeam "Lauf SV"]
[WhiteTeamCountry "GER"]
[BlackTeamCountry "GER"]

1. d3 e5 2. c3 d5 3. Qc2 c5 4. e4 Nf6 5. Nf3 Nc6 6. Be2 Be7 7. 0-0 h6 8. a3 Be6 9. Re1 Qd7 10. Nbd2 0-0 11. Bf1 Qc7 12. b4 a6 13. Bb2 b6 14. exd5 Bxd5 15. c4 Bxf3 16. Nxf3 Bd6 17. bxc5 bxc5 18. g3 Rab8 19. Rab1 Rfe8 20. Bg2 Nd4 21. Nxd4 cxd4 22. Rec1 Nd7 23. Bd5 Nc5 24. Rd1 Rb3 25. Bc1 Reb8 26. Rxb3 Rxb3 27. Qe2 Na4 28. Qc2 Nc5 29. Qe2 Rb1 30. Kg2 Na4 31. Qg4 Bf8 32. Bd2 Rxd1 33. Qxd1 Nc5 34. Qc2 Bd6 35. f3 Kh7 36. Bb4 a5 37. Be1 f5 38. Qd2 Nb3 39. Qc2 Nc5 40. Bd2 Qb6 41. Kf1 Qb3 42. Qxb3 Nxb3 43. Be1 Bxa3 44. Ke2 Bb4 45. Bxb4 axb4 46. Kd1 Nc5 47. Kc2 Kg6 48. h4 Kf6 49. Bg8 e4 50. fxe4 fxe4 51. dxe4 Nxe4 52. Kb3 d3 53. Bh7 d2 54. Kc2 b3+ 55. Kd1 g6 56. h5 b2 0-1

[Event "Mittelfranken-chTB1 1718"]
[Site "Mittelfranken"]
[Date "2017.10.08"]
[Round "1.6"]
[White "Scherb, Ansgar"]
[Black "Holzer, Johann"]
[Result "0-1"]
[WhiteElo "1730"]
[BlackElo "1865"]
[PlyCount "94"]
[EventDate "2017.10.08"]
[EventType "team-tourn"]
[EventRounds "9"]
[EventCountry "GER"]
[SourceTitle "EXT 2022"]
[Source "ChessBase"]
[SourceDate "2021.10.06"]
[SourceVersion "1"]
[SourceVersionDate "2021.10.06"]
[SourceQuality "1"]
[WhiteTeam "Lauf SV"]
[BlackTeam "Bechhofen"]
[WhiteTeamCountry "GER"]
[BlackTeamCountry "GER"]

1. e4 e5 2. Nf3 Nc6 3. d4 exd4 4. c3 Nf6 5. e5 Ne4 6. cxd4 Bb4+ 7. Bd2 Nxd2 8. Nbxd2 d6 9. Bb5 Bd7 10. exd6 Bxd6 11. 0-0 0-0 12. Ne4 Be7 13. h3 a6 14. Ba4 b5 15. Bc2 Nb4 16. Bb3 Bc6 17. Re1 Bd5 18. a3 Bxb3 19. Qxb3 Nd5 20. Ne5 Nf4 21. Rad1 Bd6 22. Qf3 Ng6 23. Nc6 Qd7 24. d5 Rae8 25. Re2 Ne7 26. Nc3 Nxc6 27. dxc6 Qd8 28. Ne4 Bh2+ 29. Kxh2 Qxd1 30. Qg4 Re6 31. Nc3 Qd6+ 32. g3 Rxe2 33. Qxe2 Qxc6 34. Qd2 Re8 35. h4 h6 36. Ne2 Qf6 37. Nf4 Rd8 38. Qc2 Qd6 39. Kg2 c5 40. b3 Rc8 41. a4 c4 42. axb5 axb5 43. bxc4 Rxc4 44. Qf5 b4 45. Qa5 b3 46. Qa8+ Kh7 47. Qe8 Qc6+ 0-1

[Event "Mittelfranken-chTB1 1617"]
[Site "Mittelfranken"]
[Date "2017.01.22"]
[Round "5.8"]
[White "Wirth, Karl Heinz"]
[Black "Scherb, Ansgar"]
[Result "1/2-1/2"]
[WhiteElo "1861"]
[BlackElo "1733"]
[PlyCount "61"]
[EventDate "2016.10.23"]
[EventType "team-tourn"]
[EventRounds "9"]
[EventCountry "GER"]
[SourceTitle "EXT 2022"]
[Source "ChessBase"]
[SourceDate "2021.10.06"]
[SourceVersion "1"]
[SourceVersionDate "2021.10.06"]
[SourceQuality "1"]
[WhiteTeam "Muehlhof/Schwabach"]
[BlackTeam "Lauf SV"]
[WhiteTeamCountry "GER"]
[BlackTeamCountry "GER"]

1. e4 e5 2. f4 d5 3. exd5 e4 4. d3 Nf6 5. dxe4 Nxe4 6. Be3 Bd6 7. Nf3 0-0 8. Bd3 Re8 9. 0-0 Bg4 10. Nbd2 Nc3 11. bxc3 Rxe3 12. Nc4 Bxf3 13. Rxf3 Rxf3 14. Qxf3 Bc5+ 15. Kh1 Nd7 16. Nd2 Qe7 17. Ne4 Re8 18. h3 Bb6 19. Ng3 g6 20. f5 Ne5 21. Qf1 Qh4 22. Ne4 Kg7 23. c4 Nd7 24. Qf3 Bd4 25. Rf1 f6 26. fxg6 hxg6 27. Qf4 Qxf4 28. Rxf4 Be5 29. Rf3 b6 30. Kg1 a5 31. g4 1/2-1/2

[Event "Mittelfranken-chTB1 1617"]
[Site "Mittelfranken"]
[Date "2016.11.13"]
[Round "2.8"]
[White "Scherb, Ansgar"]
[Black "Koschka, Robert"]
[Result "0-1"]
[WhiteElo "1733"]
[BlackElo "1865"]
[PlyCount "80"]
[EventDate "2016.10.23"]
[EventType "team-tourn"]
[EventRounds "9"]
[EventCountry "GER"]
[SourceTitle "EXT 2022"]
[Source "ChessBase"]
[SourceDate "2021.10.06"]
[SourceVersion "1"]
[SourceVersionDate "2021.10.06"]
[SourceQuality "1"]
[WhiteTeam "Lauf SV"]
[BlackTeam "Fuerth SF"]
[WhiteTeamCountry "GER"]
[BlackTeamCountry "GER"]

1. e4 e5 2. Nf3 Nc6 3. d4 exd4 4. c3 d3 5. Bxd3 Nf6 6. e5 Ng4 7. 0-0 Be7 8. Bf4 d6 9. Re1 dxe5 10. Nxe5 Ngxe5 11. Bxe5 Nxe5 12. Rxe5 Be6 13. Na3 Bf6 14. Re3 0-0 15. Qc2 h6 16. Rd1 Qc8 17. Nc4 Re8 18. Rde1 Qd7 19. Ne5 Bxe5 20. Rxe5 Rad8 21. Bf1 Rf8 22. b3 Qd2 23. R1e2 Qxc2 24. Rxc2 Rd1 25. f4 g6 26. h3 Bf5 27. Rce2 Rc1 28. R5e3 Rd8 29. Kf2 Rdd1 30. Re1 Rxe1 31. Rxe1 Rxc3 32. Bc4 Kf8 33. Re2 c6 34. g4 Bc8 35. Rd2 Ke7 36. Bf1 Be6 37. Bg2 a5 38. Be4 Rxh3 39. f5 Rh2+ 40. Bg2 Bd5 0-1

[Event "Mittelfranken-chTB2b 1516"]
[Site "Mittelfranken"]
[Date "2016.04.03"]
[Round "8.7"]
[White "Scherb, Ansgar"]
[Black "Bothe, Matthias"]
[Result "1-0"]
[WhiteElo "1770"]
[BlackElo "1855"]
[PlyCount "75"]
[EventDate "2015.10.18"]
[EventType "team-tourn"]
[EventRounds "9"]
[EventCountry "GER"]
[SourceTitle "EXT 2020"]
[Source "ChessBase"]
[SourceDate "2019.10.17"]
[SourceVersion "1"]
[SourceVersionDate "2019.10.17"]
[SourceQuality "1"]
[WhiteTeam "Lauf SV"]
[BlackTeam "Neumarkt"]
[WhiteTeamCountry "GER"]
[BlackTeamCountry "GER"]

1. e4 e6 2. d4 d5 3. Nc3 Bb4 4. e5 c5 5. a3 Bxc3+ 6. bxc3 Qc7 7. Ne2 b6 8. f4 Ba6 9. Bd2 Nc6 10. dxc5 bxc5 11. Be3 Qa5 12. Qd2 Nge7 13. g4 Rd8 14. Bg2 Bxe2 15. Kxe2 d4 16. cxd4 Nxd4+ 17. Bxd4 Qxd2+ 18. Kxd2 Rxd4+ 19. Ke3 0-0 20. Rhd1 Rfd8 21. Rxd4 Rxd4 22. Rb1 g6 23. Rb7 Nd5+ 24. Bxd5 exd5 25. Rxa7 Re4+ 26. Kf3 Rc4 27. f5 gxf5 28. gxf5 Rxc2 29. f6 h5 30. Ra8+ Kh7 31. e6 Rc3+ 32. Ke2 fxe6 33. f7 Rc2+ 34. Ke1 Rc1+ 35. Kd2 Rf1 36. f8Q Rxf8 37. Rxf8 Kg7 38. Rf1 1-0

[Event "Mittelfranken-chTB2b 1516"]
[Site "Mittelfranken"]
[Date "2016.01.24"]
[Round "5.6"]
[White "Gets, Alexej"]
[Black "Scherb, Ansgar"]
[Result "0-1"]
[WhiteElo "1706"]
[BlackElo "1770"]
[PlyCount "84"]
[EventDate "2015.10.18"]
[EventType "team-tourn"]
[EventRounds "9"]
[EventCountry "GER"]
[SourceTitle "EXT 2020"]
[Source "ChessBase"]
[SourceDate "2019.10.17"]
[SourceVersion "1"]
[SourceVersionDate "2019.10.17"]
[SourceQuality "1"]
[WhiteTeam "Nuernberg NT IV"]
[BlackTeam "Lauf SV"]
[WhiteTeamCountry "GER"]
[BlackTeamCountry "GER"]

1. b3 e5 2. Bb2 d6 3. e3 Ne7 4. Nc3 f5 5. Nf3 Nbc6 6. Bb5 a6 7. Bxc6+ Nxc6 8. d4 e4 9. Nd2 d5 10. 0-0 Bd6 11. f4 Be6 12. Qh5+ g6 13. Qh3 Qf6 14. Ne2 b5 15. Rfc1 Bb4 16. c3 Ba5 17. a4 Kd7 18. axb5 axb5 19. b4 Bb6 20. Rxa8 Rxa8 21. Qxh7+ Ne7 22. Qh3 Rg8 23. Ra1 g5 24. fxg5 Qxg5 25. Nf4 Bf7 26. g3 Kc6 27. Nb3 Rg7 28. Na5+ Kd7 29. Nb3 Ng6 30. Qf1 c6 31. Nc5+ Bxc5 32. bxc5 Nxf4 33. Ra7+ Ke6 34. exf4 Qh5 35. Rc7 Rh7 36. Rxc6+ Kd7 37. Rd6+ Kc7 38. h4 Qg4 39. Qg2 e3 40. Ra6 Qd1+ 41. Qf1 e2 42. Ra7+ Kb8 0-1

[Event "Mittelfranken-chTB2b 1516"]
[Site "Mittelfranken"]
[Date "2015.11.22"]
[Round "3.7"]
[White "Scherb, Ansgar"]
[Black "Gstaltmeyr, Karl"]
[Result "1-0"]
[WhiteElo "1770"]
[BlackElo "1700"]
[PlyCount "57"]
[EventDate "2015.10.18"]
[EventType "team-tourn"]
[EventRounds "9"]
[EventCountry "GER"]
[SourceTitle "EXT 2020"]
[Source "ChessBase"]
[SourceDate "2019.10.17"]
[SourceVersion "1"]
[SourceVersionDate "2019.10.17"]
[SourceQuality "1"]
[WhiteTeam "Lauf SV"]
[BlackTeam "Schwanstetten"]
[WhiteTeamCountry "GER"]
[BlackTeamCountry "GER"]

1. e4 e5 2. Nf3 Nc6 3. d4 exd4 4. c3 dxc3 5. Nxc3 d6 6. Bc4 Be7 7. Qb3 Na5 8. Bxf7+ Kf8 9. Qa4 c6 10. Bxg8 Rxg8 11. Qc2 g6 12. Bh6+ Ke8 13. h4 Bf8 14. Bf4 b6 15. b4 Nc4 16. b5 Bd7 17. a4 Bg7 18. Bg5 Qc8 19. 0-0 h6 20. Bf4 Rf8 21. e5 Bf5 22. Qe2 d5 23. Rad1 Qc7 24. bxc6 Be4 25. Nxe4 Rxf4 26. Rxd5 Rxf3 27. Qxc4 Rf4 28. g3 Rf3 29. Rfd1 1-0

[Event "Mittelfranken-chTB2b 1415"]
[Site "Mittelfranken"]
[Date "2014.10.12"]
[Round "2.7"]
[White "Hoffmann, Sebastian"]
[Black "Scherb, Ansgar"]
[Result "1/2-1/2"]
[WhiteElo "1885"]
[BlackElo "1770"]
[PlyCount "120"]
[EventDate "2014.09.28"]
[EventType "team-tourn"]
[EventRounds "9"]
[EventCountry "GER"]
[SourceTitle "EXT 2020"]
[Source "ChessBase"]
[SourceDate "2019.10.17"]
[SourceVersion "1"]
[SourceVersionDate "2019.10.17"]
[SourceQuality "1"]
[WhiteTeam "Nuernberg NT IV"]
[BlackTeam "Lauf SV"]
[WhiteTeamCountry "GER"]
[BlackTeamCountry "GER"]

1. e4 e5 2. Nf3 Nf6 3. Nc3 Nc6 4. d4 exd4 5. Nd5 Nxd5 6. exd5 Bb4+ 7. Bd2 Qe7+ 8. Be2 d3 9. dxc6 dxe2 10. cxd7+ Bxd7 11. Qxe2 Qxe2+ 12. Kxe2 Bb5+ 13. Ke1 Bxd2+ 14. Kxd2 0-0-0+ 15. Kc3 Rhe8 16. Rhe1 f6 17. Nd4 Bd7 18. h3 c5 19. Nb3 b6 20. Rad1 Be6 21. Rxd8+ Kxd8 22. Kd2 Kc7 23. Re4 Rd8+ 24. Kc3 Rd6 25. Re3 Kc6 26. Nc1 b5 27. Rd3 b4+ 28. Kd2 c4 29. Rxd6+ Kxd6 30. c3 a5 31. Ne2 Ke5 32. Ke3 g5 33. Nd4 Bd7 34. cxb4 axb4 35. Nc2 Bc6 36. g3 b3 37. axb3 cxb3 38. f4+ Kd6 39. Nd4 Bd5 40. Kd3 Bg2 41. h4 gxh4 42. Nf5+ Kd5 43. Ne3+ Kc5 44. gxh4 Bh3 45. Kc3 Be6 46. f5 Bf7 47. Ng4 Kd6 48. Nxf6 Ke5 49. Ng4+ Kd6 50. Nh6 Bd5 51. f6 Ke6 52. Kd4 Bf3 53. f7 Ke7 54. Ke5 Bh5 55. Kd5 Be2 56. Ke5 Bh5 57. Kf5 Bxf7 58. Nxf7 Kxf7 59. Kg5 Kg7 60. h5 h6+ 1/2-1/2

[Event "Mittelfranken-chTB2b 1314"]
[Site "Mittelfranken"]
[Date "2014.02.16"]
[Round "6.5"]
[White "Scherb, Ansgar"]
[Black "Ruderer, Thomas"]
[Result "1/2-1/2"]
[WhiteElo "1770"]
[BlackElo "1730"]
[PlyCount "81"]
[EventDate "2013.10.20"]
[EventType "team-tourn"]
[EventRounds "9"]
[EventCountry "GER"]
[SourceTitle "EXT 2020"]
[Source "ChessBase"]
[SourceDate "2019.10.17"]
[SourceVersion "1"]
[SourceVersionDate "2019.10.17"]
[SourceQuality "1"]
[WhiteTeam "Lauf SV"]
[BlackTeam "Heideck/Hilpoltstein"]
[WhiteTeamCountry "GER"]
[BlackTeamCountry "GER"]

1. e4 e6 2. d4 d5 3. Nc3 Nf6 4. e5 Nfd7 5. f4 c5 6. Nce2 cxd4 7. Nxd4 Nc6 8. Ngf3 Bc5 9. c3 Qb6 10. Be2 0-0 11. 0-0 f5 12. Kh1 Bxd4 13. Nxd4 Nxd4 14. cxd4 Nb8 15. b3 Nc6 16. Ba3 Rf7 17. Bc5 Qd8 18. Qd2 a6 19. g4 fxg4 20. Bxg4 Ne7 21. Rac1 Nf5 22. Bxf5 Rxf5 23. Bd6 Bd7 24. Rc7 b6 25. Rfc1 Rc8 26. a4 Rf7 27. Qe3 g6 28. R1c3 Rxc7 29. Rxc7 Be8 30. Rc3 b5 31. Qc1 Ra7 32. Rc8 Qd7 33. a5 Kf7 34. Qc5 b4 35. Kg2 Rb7 36. Ra8 Qb5 37. Qxb5 Bxb5 38. Bxb4 Bd3 39. Bc5 Rxb3 40. Ra7+ Kg8 41. Be7 1/2-1/2

[Event "Mittelfranken-chTB2b 1314"]
[Site "Mittelfranken"]
[Date "2014.01.12"]
[Round "4.6"]
[White "Scherb, Ansgar"]
[Black "Hummel, Andreas"]
[Result "1-0"]
[WhiteElo "1770"]
[BlackElo "1657"]
[PlyCount "85"]
[EventDate "2013.10.20"]
[EventType "team-tourn"]
[EventRounds "9"]
[EventCountry "GER"]
[SourceTitle "EXT 2020"]
[Source "ChessBase"]
[SourceDate "2019.10.17"]
[SourceVersion "1"]
[SourceVersionDate "2019.10.17"]
[SourceQuality "1"]
[WhiteTeam "Lauf SV"]
[BlackTeam "Buechenbach/Roth III"]
[WhiteTeamCountry "GER"]
[BlackTeamCountry "GER"]

1. e4 c5 2. Nf3 d6 3. c3 Nf6 4. Qc2 g6 5. d4 cxd4 6. cxd4 Bg7 7. Nc3 0-0 8. Be3 Bg4 9. Be2 Nc6 10. a3 Rc8 11. h3 Bd7 12. 0-0 a6 13. d5 Na5 14. Nd2 b5 15. Rac1 e6 16. b4 Nxd5 17. exd5 Rxc3 18. Qxc3 Bxc3 19. Rxc3 Nc4 20. Nxc4 bxc4 21. Bxc4 Bb5 22. dxe6 Bxc4 23. e7 Qxe7 24. Rxc4 Qd7 25. Rd1 Qa4 26. Rxd6 Qxa3 27. Rd5 Qb3 28. Rdc5 Kg7 29. Bd4+ f6 30. Rc7+ Rf7 31. Bxf6+ Kxf6 32. Rf4+ Kg7 33. Rfxf7+ Qxf7 34. Rxf7+ Kxf7 35. Kf1 Ke6 36. Ke2 Kd5 37. Kd3 h5 38. h4 Kc6 39. Kc4 Kb6 40. f3 Kc6 41. g4 hxg4 42. fxg4 Kd6 43. h5 1-0

[Event "Mittelfranken-chTB2b 1314"]
[Site "Mittelfranken"]
[Date "2013.10.20"]
[Round "1.6"]
[White "Kirsch, Heinrich"]
[Black "Scherb, Ansgar"]
[Result "0-1"]
[WhiteElo "1743"]
[BlackElo "1770"]
[PlyCount "96"]
[EventDate "2013.10.20"]
[EventType "team-tourn"]
[EventRounds "9"]
[EventCountry "GER"]
[SourceTitle "EXT 2020"]
[Source "ChessBase"]
[SourceDate "2019.10.17"]
[SourceVersion "1"]
[SourceVersionDate "2019.10.17"]
[SourceQuality "1"]
[WhiteTeam "Siemens Erlangen"]
[BlackTeam "Lauf SV"]
[WhiteTeamCountry "GER"]
[BlackTeamCountry "GER"]

1. d4 Nf6 2. Nf3 e6 3. c3 b6 4. Bf4 Bb7 5. Nbd2 c5 6. e3 d5 7. Bb5+ Nfd7 8. 0-0 a6 9. Ba4 Be7 10. Ne5 0-0 11. Qg4 f5 12. Qg3 Bh4 13. Qh3 b5 14. Nef3 Bf6 15. Bc2 Qe7 16. Qg3 Nc6 17. Bd6 Qf7 18. Bxf8 Rxf8 19. Ng5 Qe7 20. f4 h6 21. Ngf3 c4 22. b3 b4 23. bxc4 bxc3 24. Nb1 Nb4 25. Rc1 Nb6 26. c5 Nc4 27. Qf2 g5 28. Ne5 Bxe5 29. fxe5 f4 30. Qe1 Nxe3 31. Qxc3 Nbxc2 32. Rxc2 Nxc2 33. Qxc2 Bc6 34. Nc3 Kg7 35. Rb1 f3 36. Rb6 f2+ 37. Kf1 Qe8 38. Qe2 Bb5 39. Nxb5 axb5 40. Qxb5 Qh5 41. Rb7+ Kg8 42. Qb1 Rf5 43. Rb8+ Kg7 44. Rb7+ Kg8 45. h3 g4 46. Qd1 gxh3 47. Qxh5 hxg2+ 48. Kxg2 f1Q+ 0-1

[Event "Mittelfranken-chTB2b 1112"]
[Site "Germany"]
[Date "2012.02.26"]
[Round "7.8"]
[White "Scherb, Ansgar"]
[Black "Weh, Peter"]
[Result "1/2-1/2"]
[WhiteElo "1790"]
[BlackElo "1785"]
[PlyCount "46"]
[EventDate "2011.09.25"]
[EventType "team-tourn"]
[EventRounds "9"]
[EventCountry "GER"]
[SourceTitle "EXT 2018"]
[Source "ChessBase"]
[SourceDate "2017.10.13"]
[SourceVersion "1"]
[SourceVersionDate "2017.10.13"]
[SourceQuality "1"]
[WhiteTeam "Lauf II"]
[BlackTeam "Erlangen Siemens"]
[WhiteTeamCountry "GER"]
[BlackTeamCountry "GER"]

1. e4 d6 2. d4 Nf6 3. Bd3 c6 4. c4 e5 5. d5 c5 6. Ne2 Be7 7. 0-0 Na6 8. a3 0-0 9. Nbc3 Nc7 10. f4 exf4 11. Nxf4 Ng4 12. Be2 Ne5 13. b4 b6 14. Bb2 Ne8 15. Na4 Bd7 16. Bxe5 Bxa4 17. Qxa4 dxe5 18. Nd3 Bd6 19. bxc5 bxc5 20. Qc2 Nf6 21. Bf3 Qc7 22. Rab1 Rfb8 23. Rxb8+ Rxb8 1/2-1/2